Küçük Halep büyük umutlar : (Kayıt no. 10287)

MARC ayrıntıları
000 -BAŞLIK
Sabit Uzunluktaki Kontrol Alanı 01154nam a22002537a 4500
003 - KONTROL NUMARASI KİMLİĞİ
Kontrol Alanı KOHA_MİRAKIL
005 - EN SON İŞLEM TARİHİ ve ZAMANI
Kontrol Alanı 20260416101422.0
008 - SABİT UZUNLUKTAKİ VERİ ÖGELERİ - GENEL BİLGİ
Sabit Alan 260416b tu ||||| |||| 00| 0 tur d
020 ## - ISBN - ULUSLARARASI STANDART KİTAP NUMARASI
Isbn 9786057118790
040 ## - KATALOGLAMA KAYNAĞI
Özgün Kataloglama Kurumu TR-AnABB
Kataloglama Dili tur
Çeviri Kurumu TR-AnABB
041 ## - DİL KODU
Metin ya da ses kaydının dil kodu tur
082 ## - DEWEY ONU SINIFLAMA SİSTEMİ
Sınıflama Numarası 305.892 705 613
Cutter numarası PEN 2022
100 1# - KİŞİ ADI
Yazar Adı (Kişi adı) Penbecioğlu, Sezen Savran
245 10 - ESER ADI BİLDİRİMİ
Başlık Küçük Halep büyük umutlar :
Alt Eseradı vb. Ankara Altındağ'da Suriyelilerin gündelik yaşamı ve mekanı /
Sorumluluk Bildirimi Sezen Savran Penbecioğlu
246 ## - DEĞİŞİK BAŞLIK FORMU
Başlık uygun / kısa başlık Ankara Altındağ'da Suriyelilerin gündelik yaşamı ve mekanı
250 ## - BASIM BİLDİRİMİ
Basım Bildirimi 1. baskı
260 ## - YAYIN, DAĞITIM, VB.
Yayın Yeri Ankara :
Yayınevi İdealkent Yayınları,
Yayın Tarihi 2022
300 ## - FİZİKSEL TANIMLAMA
Sayfa, Cilt vb. 228 sayfa ;
Boyutları 20 cm
500 ## - GENEL NOT
Genel Not 2020 İlhan Tekeli Doktora tez ödülü
505 ## - İÇİNDEKİLER NOTU
İçindekiler Notu İçindekiler: Araştırma yaklaşımı: İkilikler arasındaki eşiklerde durmak - Dünyada ve Türkiye'de göç, mültecilik - Göç, kentsel mekan ve planlama ilişkisi - Gündelik yaşam pratikleri ve mekansal boyutları -Araştırma yöntemi - Araştırma bulguları
650 04 - KONU BAŞLIĞI EK GİRİŞ - KONU TERİMİ
Konusal terim veya coğrafi ad Göç ve yerleşim, Ankara, Türkiye
900 ## - YEREL BİLGİ
Kontrol Can ÇELIK
942 ## - EK GİRİŞ ÖGELERİ (KOHA)
Sınıflama Kaynağı Dewey Decimal Classification
Materyal Türü Kitap
Mevcut
Geri Çekilme Durumu Kayıp Durumu Sınıflandırma Kaynağı Kredi için değil Kalıcı Konum Mevcut Konum Kayıt Tarih Toplam Ödünçverme Yer Numarası Demirbaş Numarası Son Görülme Tarihi Fatura Tarihi Materyal Türü
    Dewey Decimal Classification   Prof. Dr. Ruşen Keleş Kütüphanesi Prof. Dr. Ruşen Keleş Kütüphanesi 16/04/2026   305.892 705 613 PEN 2022 RK7178 16/04/2026 16/04/2026 Kitap
    Dewey Decimal Classification   Prof. Dr. Ruşen Keleş Kütüphanesi Prof. Dr. Ruşen Keleş Kütüphanesi 16/04/2026   305.892 705 613 PEN 2022 RK7179 16/04/2026 16/04/2026 Kitap